| 000 | 00647nam a2200205Ia 4500 | ||
|---|---|---|---|
| 003 | GCL | ||
| 005 | 20240530103541.0 | ||
| 008 | 140319s9999 xx 000 0 ara d | ||
| 040 |
_aGCL / _cGCL |
||
| 082 | 0 | 4 |
_a810.91 _bز ج |
| 100 | 1 | _aزكى مبارك | |
| 245 | 1 | 0 |
_aجناية احمد امين على الادب العربى / _cزكى مبارك |
| 300 | _a272 ص | ||
| 650 | 0 | 4 | _aالادب العربى |
| 650 | 0 | 4 | _aالادب العربى - مقالات |
| 650 | 0 | 4 | _aاحمد امين |
| 650 | 0 | 4 | _aالادب العربى - تاريخ ونقد |
| 650 | 0 | 4 | _aالادب العربى - العصر الحديث |
| 942 |
_2ddc _cBK |
||
| 999 |
_c40555 _d40555 |
||